I Agrees with You Object Agreement and Permissive hagy in Hungarian /

The paper discusses differences between object agreement in general and the LAK-agreement form identified as a special form of it in Hungarian. We show that it is not restricted to transitive verbs but to accusative environments in a broader sense, and, based on parallels with reflexives, propose a...

Teljes leírás

Elmentve itt :
Bibliográfiai részletek
Szerzők: Szécsényi Krisztina
Szécsényi Tibor
Dokumentumtípus: Könyv része
Megjelent: Palacký University Olomouc 2019
Sorozat:Language Use and Linguistic Structure
mtmt:30713928
Online Access:http://publicatio.bibl.u-szeged.hu/15736
LEADER 01777naa a2200229 i 4500
001 publ15736
005 20190710103407.0
008 190617s2019 hu o 0|| angol d
020 |a 9788024455259 
024 7 |a 30713928  |2 mtmt 
040 |a SZTE Publicatio Repozitórium  |b hun 
041 |a angol 
100 1 |a Szécsényi Krisztina 
245 1 0 |a I Agrees with You  |h [elektronikus dokumentum] :  |b Object Agreement and Permissive hagy in Hungarian /  |c  Szécsényi Krisztina 
260 |a Palacký University  |b Olomouc  |c 2019 
300 |a 19 
300 |a 79-97 
490 0 |a Language Use and Linguistic Structure 
520 3 |a The paper discusses differences between object agreement in general and the LAK-agreement form identified as a special form of it in Hungarian. We show that it is not restricted to transitive verbs but to accusative environments in a broader sense, and, based on parallels with reflexives, propose a syntax-pragmatics interface driven account of LAK-agreement in terms of Participant Oriented Relational Agreement (PORA). This raises questions concerning dative control and the permissive constructions of Hungarian as well. We argue that the PORA analysis not only leads to a more explanatory account of the data but also has the interesting consequence of providing compelling evidence for the existence of unmarked passives in some of the permissive constructions of Hungarian, further supporting the claim made in Pitteroff (2015) that “a passive syntax does not have to correlate with passive morphology”. 
700 0 1 |a Szécsényi Tibor  |e aut 
856 4 0 |u http://publicatio.bibl.u-szeged.hu/15736/1/szecsenyi-szecsenyi-2019.pdf  |z Dokumentum-elérés  
856 4 0 |u http://publicatio.bibl.u-szeged.hu/15736/8/30713918_cimlap_tartj.pdf  |z Dokumentum-elérés